[Event "FRA-chT Top 12"]
[Site "Brest"]
[Date "2018.05.29"]
[Round "4"]
[White "Fedorchuk, Sergey A"]
[Black "Zhigalko, Sergei"]
[Result "1/2-1/2"]
[WhiteElo "2637"]
[BlackElo "2606"]
[Annotator "ChessBase II"]
[PlyCount "53"]
[EventDate "2018.05.26"]
[EventType "team-tourn"]
[EventRounds "11"]
[EventCountry "FRA"]
[SourceTitle "EXT 2019"]
[Source "ChessBase"]
[SourceDate "2018.10.10"]
[SourceVersion "1"]
[SourceVersionDate "2018.10.10"]
[SourceQuality "1"]
[WhiteTeam "Evry Grand Roque"]
[BlackTeam "Bois Colombes"]
[WhiteTeamCountry "FRA"]
[BlackTeamCountry "FRA"]
[TimeControl "40/5400+30:1800+30"]

1. e4 {[%emt 0:00:00]} e5 {[%emt 0:00:05]} 2. Nf3 {[%emt 0:00:45]} Nc6 {[%emt 0:00:06]} 3. Bb5 {[%emt 0:00:51]} a6 {[%emt 0:00:08]} 4. Ba4 {[%emt 0:00:50]} Nf6 {[%emt 0:00:17]} 5. O-O {[%emt 0:00:35]} Be7 {[%emt 0:00:18]} 6. d3 {[%emt 0:01:59]} b5 {[%emt 0:01:00]} 7. Bb3 {[%emt 0:05:00]} d6 {[%emt 0:01:26]} 8. a3 {[%emt 0:02:25]} O-O {[%emt 0:01:03]} 9. Nc3 {[%emt 0:04:25]} Bg4 {[%emt 0:00:39]} 10. Be3 {[%emt 0:03:49]} Nd4 {[%emt 0:01:04]} 11. Bxd4 {[%emt 0:00:57]} exd4 {[%emt 0:00:07]} 12. Nd5 {[%emt 0:01:56]} Nd7 {[%emt 0:01:40]} 13. h3 {[%emt 0:02:11]} Bxf3 {[%emt 0:01:08]} 14. Qxf3 {[%emt 0:00:08]} a5 {[%emt 0:02:11]} 15. Nf4 {[%emt 0:13:48]} a4 {[%emt 0:01:19]} 16. Ba2 {[%emt 0:00:11]} Rb8 {[%emt 0:05:53]} 17. Qd1 {[%emt 0:03:36]} c6 {[%emt 0:07:26]} 18. Ne2 {[%emt 0:03:54]} Qb6 {[%emt 0:00:42]} 19. Ng3 {[%emt 0:03:35]} g6 {[%emt 0:13:47]} 20. f4 {[%emt 0:04:21]} b4 {[%emt 0:10:32]} 21. axb4 {[%emt 0:02:15]} (21. f5 $143 b3 22. cxb3 axb3 23. Bb1 {[%csl Ra1,Rb2]} Bg5 $132) 21... Qxb4 {[%emt 0:00:07]} 22. Rb1 {[%emt 0:20:12]} Kh8 {[%emt 0:06:27]} 23. Qg4 {[%emt 0:03:26]} Nf6 {[%emt 0:01:30]} 24. Qe2 {[%emt 0:04:25]} Nd7 {[%emt 0:07:54]} 25. Qg4 {[%emt 0:00:51]} Nf6 {[%emt 0:00:41]} 26. Qe2 {[%emt 0:00:07]} Nd7 {[%emt 0:00:11]} 27. Qg4 {[%emt 0:00:07]} 1/2-1/2

[Event "FRA-chT Top 12"]
[Site "Brest"]
[Date "2018.05.30"]
[Round "5"]
[White "Zhigalko, Sergei"]
[Black "Malakhov, Vladimir"]
[Result "1/2-1/2"]
[WhiteElo "2606"]
[BlackElo "2691"]
[Annotator "ChessBase II"]
[PlyCount "62"]
[EventDate "2018.05.26"]
[EventType "team-tourn"]
[EventRounds "11"]
[EventCountry "FRA"]
[SourceTitle "EXT 2019"]
[Source "ChessBase"]
[SourceDate "2018.10.10"]
[SourceVersion "1"]
[SourceVersionDate "2018.10.10"]
[SourceQuality "1"]
[WhiteTeam "Bois Colombes"]
[BlackTeam "Tremblay en France"]
[WhiteTeamCountry "FRA"]
[BlackTeamCountry "FRA"]
[TimeControl "40/5400+30:1800+30"]

1. e4 {[%emt 0:00:00]} e5 {[%emt 0:00:22]} 2. Nf3 {[%emt 0:00:00]} Nc6 {[%emt 0:00:10]} 3. Bb5 {[%emt 0:00:04]} Nf6 {[%emt 0:00:15]} 4. O-O {[%emt 0:00:56]} Nxe4 {[%emt 0:00:12]} 5. Re1 {[%emt 0:00:50]} Nd6 {[%emt 0:00:58]} 6. Nxe5 {[%emt 0:00:30]} Be7 {[%emt 0:00:05]} 7. Bf1 {[%emt 0:00:26]} Nxe5 {[%emt 0:00:32]} 8. Rxe5 {[%emt 0:00:06]} O-O {[%emt 0:00:09]} 9. d4 {[%emt 0:00:28]} Bf6 {[%emt 0:00:18]} 10. Re1 {[%emt 0:00:10]} Nf5 {[%emt 0:00:17]} 11. c3 {[%emt 0:00:40]} d5 {[%emt 0:00:10]} 12. Bd3 {[%emt 0:00:14]} (12. Bf4 c6 13. Nd2 Nh4 14. Bd3 Bf5 15. Bxf5 Nxf5 16. Nf3 Qd7 17. Ne5 Bxe5 18. Rxe5 f6 19. Re1 Rfe8 20. Qd3 Rxe1+ 21. Rxe1 Re8 22. Re2 Rxe2 23. Qxe2 Kf7 24. Qh5+ Kg8 25. Qe2 Kf7 26. Qh5+ Kg8 27. Qe2 {½-½ (27) Adams,M (2715)-Aronian,L (2805) London 2017}) 12... c6 {[%emt 0:03:57]} 13. Nd2 {[%emt 0:00:08]} Re8 $146 {[%emt 0:07:43]} (13... Nh4 14. Qc2 Ng6 15. Nf3 Qd6 16. h4 Nxh4 17. Bxh7+ Kh8 18. Nxh4 Bxh4 19. Bf5 g6 20. Bxc8 Rfxc8 21. Qd2 Kg8 22. Qh6 Bf6 23. Bf4 Qf8 24. Qh2 Re8 25. Bh6 Rxe1+ 26. Rxe1 Re8 27. Re3 Rxe3 28. Bxe3 a6 29. Qc7 Qe7 30. Qc8+ Kg7 31. g3 g5 32. b4 Qe4 33. Qxb7 Qb1+ 34. Kh2 Qh7+ 35. Kg2 Qe4+ 36. Kg1 Qb1+ 37. Kh2 Qh7+ 38. Kg1 Qb1+ {½-½ (38) Safarli,E (2653)-Mastrovasilis,D (2589) Warsaw 2013}) 14. Rxe8+ {[%emt 0:04:04]} Qxe8 {[%emt 0:01:23]} 15. Nf3 {[%emt 0:00:24]} Nh4 {[%emt 0:02:46]} 16. Nxh4 {[%emt 0:01:29]} Bxh4 {[%emt 0:00:30]} 17. Bf4 {[%emt 0:00:30]} Bf6 {[%emt 0:00:30]} 18. Qd2 {[%emt 0:00:30]} Be6 {[%emt 0:00:30]} 19. Re1 {[%emt 0:00:30]} Qd7 {[%emt 0:00:30]} 20. Bg5 {[%emt 0:00:30]} Qd8 {[%emt 0:00:30]} 21. Bxf6 {[%emt 0:00:30]} Qxf6 {[%emt 0:00:30]} 22. Re5 {[%emt 0:00:30]} h6 {[%emt 0:00:30]} 23. Qe3 $14 {[%emt 0:00:30]} Kf8 {[%emt 0:00:30]} 24. h3 {[%emt 0:00:30]} (24. f4 Re8 25. f5 Bd7 $11 26. Rxe8+ Bxe8 27. Qe5 Qg5) 24... b6 {[%emt 0:00:30]} 25. Bc2 {[%emt 0:00:30]} Bd7 {[%emt 0:00:30]} 26. Qg3 {[%emt 0:00:30]} Re8 {[%emt 0:00:30]} 27. Rxe8+ {[%emt 0:00:30]} Bxe8 {[%emt 0:00:30]} 28. Qb8 {[%emt 0:00:30]} Qe7 {[%emt 0:00:30]} 29. Bd3 {[%emt 0:00:30]} b5 {[%emt 0:00:30]} 30. b4 {[%emt 0:00:30]} Qe1+ {[%emt 0:00:30]} 31. Bf1 {[%emt 0:00:30]} f6 {[%emt 0:00:30]} 1/2-1/2

[Event "FRA-chT Top 12"]
[Site "Brest"]
[Date "2018.05.31"]
[Round "6.3"]
[White "Zhigalko, Sergei"]
[Black "Edouard, Romain"]
[Result "1/2-1/2"]
[WhiteElo "2606"]
[BlackElo "2621"]
[Annotator "ChessBase II"]
[PlyCount "153"]
[EventDate "2018.05.26"]
[EventType "team-tourn"]
[EventRounds "11"]
[EventCountry "FRA"]
[SourceTitle "EXT 2019"]
[Source "ChessBase"]
[SourceDate "2018.10.10"]
[SourceVersion "1"]
[SourceVersionDate "2018.10.10"]
[SourceQuality "1"]
[WhiteTeam "Bois Colombes"]
[BlackTeam "Bischwiller"]
[WhiteTeamCountry "FRA"]
[BlackTeamCountry "FRA"]

1. e4 c5 2. Nf3 g6 3. c3 Nc6 4. d4 d5 5. exd5 Qxd5 6. Be3 (6. Na3 Bg4 {½-½ (6) Stevic,H (2588)-Edouard,R (2621) Brest 2018}) 6... Bg7 7. dxc5 Qxd1+ 8. Kxd1 Nf6 9. Bb5 O-O 10. Ke2 $146 (10. Nbd2 Ng4 11. Ke2 Nxe3 12. fxe3 Rd8 13. Rhd1 Bf5 14. Nb3 Ne5 15. Nbd4 Be4 16. Nxe5 Bxe5 17. Nf3 Bf6 18. Bd7 h5 19. Rd2 e6 20. Rad1 g5 21. Bb5 Rxd2+ 22. Rxd2 Rc8 23. Bd3 Bxf3+ 24. gxf3 {½-½ (24) Espinosa Flores,R (2401)-Galati,M (2206) Sao Paulo 2009}) 10... Nd5 11. Rd1 Rd8 12. Na3 Bg4 13. h3 Bxf3+ 14. Kxf3 Nxe3 15. Kxe3 Rdc8 16. Rd7 Na5 17. Rad1 Rxc5 18. Rxe7 Bf8 19. Re4 Rac8 20. Bf1 Rf5 21. Nc2 Bc5+ 22. Nd4 Nc6 23. Bc4 Nxd4 24. cxd4 Bd6 25. Bb3 Kf8 26. g3 Rb5 27. Rd3 Rb4 28. Rc3 Rd8 29. Kd3 a5 30. a3 Rb5 31. Kc2 Rf5 32. f4 h5 33. h4 Bb8 34. Bc4 Rf6 35. Rb3 $14 {[%csl Rb7]} Rc6 36. Kd3 b6 37. d5 Rcd6 38. Rc3 (38. Kd4) 38... R6d7 39. Ba2 Re7 40. Rc6 Rb7 41. Re2 Bd6 42. Kd4 b5 43. Ra6 a4 44. Rc2 b4 45. Rcc6 bxa3 46. bxa3 Bxa3 47. Rxa4 Rb4+ 48. Rxb4 Bxb4 49. f5 gxf5 50. Rf6 Bd6 51. Rxf5 Ra8 52. Bc4 Ra3 53. Be2 Rxg3 54. Bxh5 Rh3 55. Rxf7+ Kg8 56. Rf5 Rxh4+ 57. Ke3 Kg7 58. Be8 Rh3+ 59. Ke4 Rh4+ 60. Kf3 Rd4 61. Bd7 Kg6 62. Be6 Rd1 63. Ke2 Rd4 64. Rf7 Bf4 65. Kf3 Bg5 66. Rb7 Kf6 67. Rf7+ Kg6 68. Rf5 Rd3+ 69. Ke4 Re3+ 70. Kd4 Rxe6 71. Rxg5+ Kxg5 72. dxe6 Kf6 73. Kd5 Ke7 74. Ke5 Ke8 75. Kf6 Kf8 76. e7+ Ke8 77. Ke6 1/2-1/2

[Event "FRA-chT Top 12"]
[Site "Brest"]
[Date "2018.06.02"]
[Round "8"]
[White "Chabanon, Jean Luc"]
[Black "Zhigalko, Sergei"]
[Result "0-1"]
[WhiteElo "2450"]
[BlackElo "2606"]
[Annotator "ChessBase II"]
[PlyCount "96"]
[EventDate "2018.05.26"]
[EventType "team-tourn"]
[EventRounds "11"]
[EventCountry "FRA"]
[SourceTitle "EXT 2019"]
[Source "ChessBase"]
[SourceDate "2018.10.10"]
[SourceVersion "1"]
[SourceVersionDate "2018.10.10"]
[SourceQuality "1"]
[WhiteTeam "T H F Saint-Quentin"]
[BlackTeam "Bois Colombes"]
[WhiteTeamCountry "FRA"]
[BlackTeamCountry "FRA"]
[TimeControl "40/5400+30:1800+30"]

1. Nf3 {[%emt 0:01:22]} Nf6 {[%emt 0:00:13]} 2. c4 {[%emt 0:00:09]} e6 {[%emt 0:00:05]} 3. Nc3 {[%emt 0:01:46]} Bb4 {[%emt 0:00:06]} 4. Qc2 {[%emt 0:00:18]} O-O {[%emt 0:00:14]} 5. a3 {[%emt 0:00:18]} Bxc3 {[%emt 0:00:09]} 6. Qxc3 {[%emt 0:00:08]} d6 {[%emt 0:00:04]} 7. b4 {[%emt 0:05:34]} e5 {[%emt 0:00:16]} (7... a5 8. Bb2 e5 9. e3 b6 10. Be2 axb4 11. axb4 Rxa1+ 12. Bxa1 c5 13. b5 Re8 14. d3 Nbd7 15. O-O Bb7 16. Bb2 Nf8 17. Ra1 Qb8 18. Nh4 Ng6 19. Nxg6 hxg6 20. Bf1 d5 21. d4 Ne4 22. Qc2 dxc4 23. Bxc4 cxd4 24. exd4 Rc8 25. Qe2 exd4 26. Bxd4 Qd6 27. Be3 Qb4 28. Bd3 Nc5 29. h3 Nxd3 {½-½ (29) Cheparinov,I (2687)-Almasi,Z (2688) Varadero 2016}) 8. Bb2 {[%emt 0:10:25]} Re8 {[%emt 0:07:48]} 9. d3 {[%emt 0:00:43]} Bg4 {[%emt 0:00:33]} 10. e3 {[%emt 0:01:43]} Bxf3 {[%emt 0:06:27]} 11. gxf3 {[%emt 0:02:38]} Nbd7 {[%emt 0:00:03]} 12. Bh3 $146 {[%emt 0:09:03]} (12. Be2 c5 13. O-O d5 14. cxd5 Nxd5 15. Qb3 N5b6 16. Rfc1 Rc8 17. Qd1 Qh4 18. bxc5 Nxc5 19. Rab1 Rc6 20. Qf1 Rh6 21. h3 Nbd7 22. Bc3 b6 23. Rb4 Qe7 24. Rg4 Nf6 25. Rg5 Rg6 26. Rxg6 hxg6 27. Bb4 Nfd7 28. Qd1 a5 29. Bc3 Ne6 30. Qa4 Ndc5 {½-½ (30) Jakovljevic,V (2433)-Kuljasevic,D (2579) Malinska 2013}) 12... Nf8 {[%emt 0:00:30]} 13. O-O-O {[%emt 0:00:30]} a5 $1 {[%emt 0:00:30]} 14. d4 {[%emt 0:00:30]} (14. b5 $5 {Plus solide} N8d7 {[%cal Gd7c5]} 15. d4 exd4 16. exd4 $13 {[%csl Gb2,Gh3][%cal Gh1g1]}) 14... axb4 $132 {[%emt 0:00:30]} 15. axb4 {[%emt 0:00:30]} e4 {[%emt 0:00:30]} 16. Bg2 {[%emt 0:00:30]} d5 {[%emt 0:00:30]} 17. fxe4 Nxe4 {[%emt 0:25:10]} 18. Bxe4 {[%emt 0:36:00]} dxe4 {[%emt 0:00:15]} 19. d5 {[%emt 0:10:58]} f6 {[%emt 0:00:07]} 20. c5 {[%emt 0:06:21]} Qd7 {[%emt 0:02:23]} 21. d6 {[%emt 0:03:57]} cxd6 {[%emt 0:17:27]} 22. Rxd6 {[%emt 0:00:05]} Qxd6 $1 {[%emt 0:18:45]} 23. cxd6 {[%emt 0:00:02]} Rac8 {[%emt 0:00:08]} 24. Rd1 {[%emt 0:01:44]} Rxc3+ {[%emt 0:00:22]} 25. Bxc3 {[%emt 0:00:01]} Nd7 {[%emt 0:00:05]} 26. Rd4 {[%emt 0:01:05]} Kf7 {[%emt 0:09:07]} 27. Rc4 {[%emt 0:00:46]} b5 {[%emt 0:00:05]} 28. Rc6 {[%emt 0:01:34]} Ra8 {[%emt 0:00:36]} 29. Rc7 {[%emt 0:03:59]} Ke6 {[%emt 0:00:04]} 30. Rb7 {[%emt 0:00:11]} Rb8 {[%emt 0:00:17]} 31. Ra7 {[%emt 0:00:11]} Rb6 {[%emt 0:03:25]} 32. Bd4 {[%emt 0:00:36]} Rxd6 {[%emt 0:00:08]} 33. Rb7 {[%emt 0:00:11]} Rd5 {[%emt 0:00:03]} 34. Kd2 {[%emt 0:00:40]} Rh5 {[%emt 0:04:07]} 35. Ke2 {[%emt 0:00:03]} Kd6 {[%emt 0:00:19]} 36. Kf1 {[%emt 0:01:54]} Kc6 {[%emt 0:00:50]} 37. Ra7 {[%emt 0:00:05]} Rxh2 {[%emt 0:00:22]} 38. Ra6+ {[%emt 0:00:09]} Kd5 {[%emt 0:01:09]} 39. Ra7 {[%emt 0:00:31]} Ke6 {[%emt 0:00:47]} 40. Ra6+ {[%emt 0:00:56]} Ke7 {[%emt 0:31:00]} 41. Ra7 {[%emt 0:06:35]} Rh5 {[%emt 0:00:00]} 42. Bc5+ {[%emt 0:03:38]} Ke6 {[%emt 0:00:00]} 43. Ra6+ {[%emt 0:00:31]} Kf5 {[%emt 0:00:00]} 44. Ra5 {[%emt 0:15:55]} Kg4 {[%emt 0:00:00]} 45. Rxb5 {[%emt 0:01:28]} Kf3 {[%emt 0:00:00]} 46. Ke1 {[%emt 0:00:18]} Rd5 {[%emt 0:00:00]} 47. Ra5 {[%emt 0:03:24]} Ne5 {[%emt 0:00:00]} 48. Bd4 {[%emt 0:00:41]} Nd3+ {[%emt 0:00:00]} 0-1

[Event "FRA-chT Top 12"]
[Site "Brest"]
[Date "2018.06.03"]
[Round "9"]
[White "Hera, Imre Jr"]
[Black "Zhigalko, Sergei"]
[Result "1/2-1/2"]
[WhiteElo "2620"]
[BlackElo "2606"]
[PlyCount "23"]
[EventDate "2018.05.26"]
[EventType "team-tourn"]
[EventRounds "11"]
[EventCountry "FRA"]
[SourceTitle "EXT 2019"]
[Source "ChessBase"]
[SourceDate "2018.10.10"]
[SourceVersion "1"]
[SourceVersionDate "2018.10.10"]
[SourceQuality "1"]
[WhiteTeam "Grasse Echecs"]
[BlackTeam "Bois Colombes"]
[WhiteTeamCountry "FRA"]
[BlackTeamCountry "FRA"]
[TimeControl "40/5400+30:1800+30"]

1. Nf3 {[%emt 0:00:04]} d5 {[%emt 0:00:04]} 2. g3 {[%emt 0:00:09]} c6 {[%emt 0:00:05]} 3. Bg2 {[%emt 0:00:08]} Bg4 {[%emt 0:00:05]} 4. c4 {[%emt 0:00:13]} e6 {[%emt 0:00:33]} 5. cxd5 {[%emt 0:00:31]} Bxf3 {[%emt 0:00:13]} 6. Bxf3 {[%emt 0:00:07]} cxd5 {[%emt 0:00:12]} 7. O-O {[%emt 0:00:07]} Nf6 {[%emt 0:01:27]} 8. Nc3 {[%emt 0:00:17]} Nc6 {[%emt 0:00:19]} 9. Bg2 {[%emt 0:00:07]} Be7 {[%emt 0:01:44]} 10. d3 {[%emt 0:00:06]} O-O {[%emt 0:00:47]} 11. a3 {[%emt 0:00:07]} Rc8 {[%emt 0:01:22]} 12. Bd2 {[%emt 0:00:13]} 1/2-1/2

[Event "FRA-chT Top 12"]
[Site "Brest"]
[Date "2018.06.04"]
[Round "10"]
[White "Balogh, Csaba"]
[Black "Zhigalko, Sergei"]
[Result "1/2-1/2"]
[WhiteElo "2628"]
[BlackElo "2606"]
[PlyCount "32"]
[EventDate "2018.05.26"]
[EventType "team-tourn"]
[EventRounds "11"]
[EventCountry "FRA"]
[SourceTitle "EXT 2019"]
[Source "ChessBase"]
[SourceDate "2018.10.10"]
[SourceVersion "1"]
[SourceVersionDate "2018.10.10"]
[SourceQuality "1"]
[WhiteTeam "Metz Fischer"]
[BlackTeam "Bois Colombes"]
[WhiteTeamCountry "FRA"]
[BlackTeamCountry "FRA"]
[TimeControl "40/5400+30:1800+30"]

1. e4 {[%emt 0:00:16]} c5 {[%emt 0:00:04]} 2. Nf3 {[%emt 0:00:08]} Nc6 {[%emt 0:00:04]} 3. d4 {[%emt 0:02:34]} cxd4 {[%emt 0:00:04]} 4. Nxd4 {[%emt 0:00:05]} Nf6 {[%emt 0:00:04]} 5. Nc3 {[%emt 0:00:09]} e5 {[%emt 0:00:04]} 6. Ndb5 {[%emt 0:00:29]} d6 {[%emt 0:00:06]} 7. Bg5 {[%emt 0:00:38]} a6 {[%emt 0:00:04]} 8. Na3 {[%emt 0:00:08]} b5 {[%emt 0:00:06]} 9. Nd5 {[%emt 0:00:12]} Be7 {[%emt 0:00:09]} 10. Bxf6 {[%emt 0:00:34]} Bxf6 {[%emt 0:00:05]} 11. c4 {[%emt 0:00:26]} b4 {[%emt 0:00:25]} 12. Nc2 {[%emt 0:00:09]} O-O {[%emt 0:00:33]} 13. g3 {[%emt 0:01:05]} a5 {[%emt 0:00:19]} 14. h4 Be6 {[%emt 0:04:15]} 15. Bh3 {[%emt 0:22:09]} a4 {[%emt 0:01:23]} 16. Nce3 {[%emt 0:21:11]} Nd4 {[%emt 0:44:13] Une nulle théorique} 1/2-1/2

[Event "FRA-chT Top 12"]
[Site "Brest"]
[Date "2018.06.05"]
[Round "11"]
[White "Zhigalko, Sergei"]
[Black "Heimann, Andreas"]
[Result "1/2-1/2"]
[WhiteElo "2606"]
[BlackElo "2588"]
[Annotator "ChessBase II"]
[PlyCount "120"]
[EventDate "2018.05.26"]
[EventType "team-tourn"]
[EventRounds "11"]
[EventCountry "FRA"]
[SourceTitle "EXT 2019"]
[Source "ChessBase"]
[SourceDate "2018.10.10"]
[SourceVersion "1"]
[SourceVersionDate "2018.10.10"]
[SourceQuality "1"]
[WhiteTeam "Bois Colombes"]
[BlackTeam "Mulhouse Philidor"]
[WhiteTeamCountry "FRA"]
[BlackTeamCountry "FRA"]
[TimeControl "40/5400+30:1800+30"]

1. Nf3 {[%emt 0:00:00]} d5 {[%emt 0:00:17]} 2. d4 {[%emt 0:00:00]} Nf6 {[%emt 0:00:08]} 3. c4 {[%emt 0:00:39]} e6 {[%emt 0:00:05]} 4. Nc3 {[%emt 0:03:06]} Bb4 {[%emt 0:00:07]} 5. e3 {[%emt 0:11:47]} O-O {[%emt 0:00:20]} (5... c6) 6. Bd3 {[%emt 0:00:33]} c5 {[%emt 0:00:14]} 7. O-O {[%emt 0:00:29]} cxd4 {[%emt 0:00:07]} 8. exd4 {[%emt 0:00:18]} dxc4 {[%emt 0:00:04]} 9. Bxc4 {[%emt 0:00:05]} b6 {[%emt 0:00:04]} 10. Bg5 {[%emt 0:12:18]} Bb7 {[%emt 0:00:17]} 11. Ne5 {[%emt 0:08:03]} Nbd7 {[%emt 0:05:03]} 12. Nxd7 {[%emt 0:09:43]} Qxd7 {[%emt 0:00:10]} 13. Bxf6 {[%emt 0:00:11]} gxf6 {[%emt 0:00:04]} 14. d5 {[%emt 0:02:35]} Bxc3 {[%emt 0:00:56]} 15. bxc3 {[%emt 0:00:25]} Bxd5 {[%emt 0:00:08]} 16. Qg4+ {[%emt 0:00:56]} Kh8 {[%emt 0:00:08]} 17. Qh4 {[%emt 0:00:13]} Kg7 $146 {[%emt 0:03:05]} (17... Bxc4 18. Qxf6+ Kg8 19. Qg5+ Kh8 20. Qf6+ Kg8 21. Qg5+ Kh8 22. Qf6+ Kg8 {½-½ (22) Zhigalko,S (2638)-Adams,M (2727) Heraklio 2017}) 18. Rad1 {[%emt 0:03:37]} Qc6 {[%emt 0:16:04]} 19. Bxd5 {[%emt 0:18:27]} exd5 {[%emt 0:00:06]} 20. Rd3 {[%emt 0:00:14][%csl Rg7]} f5 $1 {[%emt 0:07:08]} 21. Qg3+ {[%emt 0:04:02]} Kh8 {[%emt 0:05:05]} 22. Qe5+ {[%emt 0:00:37]} f6 {[%emt 0:00:06]} 23. Qxf5 {[%emt 0:00:14]} Rad8 {[%emt 0:09:26]} 24. Re1 {[%emt 0:04:45]} Rfe8 {[%emt 0:16:11]} 25. Rde3 {[%emt 0:00:20]} Re4 $132 {[%emt 0:00:06]} 26. f3 {[%emt 0:00:29]} Rxe3 {[%emt 0:00:06]} 27. Rxe3 {[%emt 0:00:02]} Rf8 {[%emt 0:03:25]} 28. h4 Qd6 {[%emt 0:18:19]} 29. h5 {[%emt 0:11:05]} d4 {[%emt 0:00:30]} 30. Rd3 {[%emt 0:01:16]} Qc5 {[%emt 0:07:20]} 31. Qxc5 {[%emt 0:00:25]} bxc5 {[%emt 0:00:05]} 32. cxd4 {[%emt 0:00:03]} Rd8 {[%emt 0:00:24]} 33. d5 {[%emt 0:05:58]} c4 {[%emt 0:00:10]} 34. Rd4 {[%emt 0:00:32]} c3 {[%emt 0:00:20]} 35. g4 {[%emt 0:01:38]} f5 {[%emt 0:08:52]} 36. Kf2 {[%emt 0:01:01]} fxg4 {[%emt 0:00:05]} 37. fxg4 {[%emt 0:00:03]} c2 {[%emt 0:00:25]} 38. Rc4 {[%emt 0:00:02]} Rxd5 {[%emt 0:00:04]} 39. Rxc2 {[%emt 0:00:23]} Ra5 {[%emt 0:00:07]} 40. h6 {[%emt 0:00:24]} Kg8 {[%emt 0:30:06]} 41. Kg3 {[%emt 0:00:00]} Kf7 {[%emt 0:00:00]} 42. Kh4 {[%emt 0:12:13]} Kg6 {[%emt 0:00:00]} 43. Rc6+ {[%emt 0:00:21]} Kf7 {[%emt 0:00:00]} 44. g5 {[%emt 0:04:37]} Rxa2 {[%emt 0:00:00]} 45. Rc7+ {[%emt 0:00:25]} Kg8 {[%emt 0:00:00]} 46. Rc8+ {[%emt 0:00:18]} Kf7 {[%emt 0:00:00]} 47. Rh8 {[%emt 0:00:12]} Kg6 {[%emt 0:00:00]} 48. Rg8+ {[%emt 0:00:03]} Kf5 {[%emt 0:00:00]} 49. Rf8+ {[%emt 0:00:02]} Ke6 {[%emt 0:00:00]} 50. Rh8 {[%emt 0:00:34]} Kf5 {[%emt 0:00:00]} 51. Rxh7 {[%emt 0:00:28]} Rh2+ {[%emt 0:00:00]} 52. Kg3 {[%emt 0:00:03]} Rh5 {[%emt 0:00:00]} 53. Rg7 {[%emt 0:01:11]} a5 {[%emt 0:00:00]} 54. h7 {[%emt 0:05:28]} a4 {[%emt 0:00:00]} 55. g6 {[%emt 0:00:50]} a3 {[%emt 0:00:00]} 56. Ra7 {[%emt 0:09:53]} Kxg6 {[%emt 0:00:00]} 57. Rxa3 {[%emt 0:00:09]} Rxh7 {[%emt 0:00:00]} 58. Ra6+ {[%emt 0:00:03]} Kg7 {[%emt 0:00:00]} 59. Ra7+ {[%emt 0:00:03]} Kg6 {[%emt 0:00:00]} 60. Rxh7 {[%emt 0:00:04]} Kxh7 1/2-1/2

[Event "TUR-chT"]
[Site "Ankara"]
[Date "2018.07.28"]
[Round "4.3"]
[White "Kravtsiv, Martyn"]
[Black "Zhigalko, Sergei"]
[Result "1-0"]
[WhiteElo "2654"]
[BlackElo "2616"]
[PlyCount "101"]
[EventDate "2018.07.25"]
[EventType "team-tourn"]
[EventRounds "13"]
[EventCountry "TUR"]
[SourceTitle "CBM 185 Extra"]
[Source "ChessBase"]
[SourceDate "2018.07.29"]
[SourceVersion "1"]
[SourceVersionDate "2018.07.29"]
[SourceQuality "1"]
[WhiteTeam "Karaman Belediye"]
[BlackTeam "Kahramanmaras Buyuksehir"]
[WhiteTeamCountry "TUR"]
[BlackTeamCountry "TUR"]

1. d4 Nf6 2. c4 e6 3. Nc3 Bb4 4. f3 d5 5. a3 Be7 6. e4 dxe4 7. fxe4 e5 8. d5 O-O 9. Nf3 Bg4 10. h3 Bxf3 11. Qxf3 Nbd7 12. Be3 Bc5 13. O-O-O a5 14. Bd3 Ne8 15. Na4 Bxe3+ 16. Qxe3 b6 17. Kb1 Nd6 18. c5 bxc5 19. Nxc5 Nxc5 20. Qxc5 f5 21. exf5 e4 22. Be2 Nxf5 23. Rc1 Ng3 24. Rhe1 Nxe2 25. Rxe2 Re8 26. Qc4 Qd6 27. Rxe4 Qg6 28. Rce1 Rxe4 29. Rxe4 Kh8 30. Ka2 Qxg2 31. Qc6 Rg8 32. Re8 h6 33. Rxg8+ Kxg8 34. Qa8+ Kh7 35. Qxa5 h5 36. d6 cxd6 37. Qxh5+ Kg8 38. a4 d5 39. a5 d4 40. Qb5 Qe4 41. Qc4+ Kh7 42. a6 Qf5 43. Kb3 Qxh3+ 44. Kb4 Qd7 45. Qc5 d3 46. a7 Qd8 47. Qh5+ Kg8 48. Qa5 Qe7+ 49. Kb3 Qf7+ 50. Ka3 Qf8+ 51. Qb4 1-0

[Event "Titled Tuesday intern op 7th Aug"]
[Site "Chess.com INT"]
[Date "2018.08.07"]
[Round "5"]
[White "Zhigalko, Sergei"]
[Black "Pichot, Alan"]
[Result "0-1"]
[WhiteElo "2615"]
[BlackElo "2564"]
[PlyCount "100"]
[EventDate "2018.08.07"]
[EventType "swiss (blitz)"]
[EventRounds "10"]
[EventCountry "USA"]
[SourceTitle "EXT 2021"]
[Source "ChessBase"]
[SourceDate "2020.10.23"]
[SourceVersion "1"]
[SourceVersionDate "2020.10.23"]
[SourceQuality "1"]

1. e4 c5 2. Nf3 e6 3. c3 Nf6 4. e5 Nd5 5. Bc4 Nc6 6. d4 cxd4 7. cxd4 d6 8. O-O Be7 9. Bd2 O-O 10. Nc3 Nb6 11. Bb3 dxe5 12. dxe5 Na5 13. Bc2 Nac4 14. Qe2 Nxd2 15. Nxd2 Bd7 16. Qe4 g6 17. Qxb7 Bc8 18. Qe4 Qxd2 19. Rad1 Qh6 20. Rd3 Rb8 21. Rh3 Qg7 22. f4 Bb7 23. Qe2 Rfd8 24. Be4 Bxe4 25. Nxe4 Nd5 26. Kh1 Rb4 27. g4 Rd4 28. a3 Nxf4 29. Rxf4 Qxe5 30. Rhf3 Rd1+ 31. Kg2 R1d2 32. Qxd2 Rxd2+ 33. Nxd2 Bg5 34. Rxf7 Bxd2 35. Rd7 Bf4 36. b4 Qe2+ 37. Rf2 Qxg4+ 38. Kf1 Qh3+ 39. Ke2 e5 40. Rd3 Qh5+ 41. Kf1 Kg7 42. Rd5 Qh3+ 43. Ke2 Qe3+ 44. Kf1 Qxa3 45. Rd7+ Kh6 46. Kg2 Qxb4 47. Rf3 Qe4 48. Rdd3 g5 49. Kg1 g4 50. Rde3 Bxe3+ 0-1

[Event "Olympiad-43"]
[Site "Batumi"]
[Date "2018.09.26"]
[Round "3.14"]
[White "Zhigalko, Sergei"]
[Black "Idani, Pouya"]
[Result "1-0"]
[WhiteElo "2610"]
[BlackElo "2589"]
[PlyCount "103"]
[EventDate "2018.09.24"]
[EventType "team-swiss"]
[EventRounds "11"]
[EventCountry "GEO"]
[SourceTitle "CBM 187"]
[Source "ChessBase"]
[SourceDate "2018.12.11"]
[SourceVersion "1"]
[SourceVersionDate "2018.12.11"]
[SourceQuality "1"]
[WhiteTeam "Belarus"]
[BlackTeam "Iran"]
[WhiteTeamCountry "BLR"]
[BlackTeamCountry "IRI"]

1. e4 e5 2. Nf3 Nc6 3. Bb5 a6 4. Ba4 Nf6 5. O-O Be7 6. Re1 b5 7. Bb3 d6 8. c3 O-O 9. h3 Bb7 10. d4 Re8 11. Nbd2 Bf8 12. a3 h6 13. Bc2 Nb8 14. b4 Nbd7 15. Bb2 c5 16. bxc5 exd4 17. cxd4 dxc5 18. d5 c4 19. Bc3 Bc5 20. Qb1 Qb6 21. Rf1 Nh5 22. Qb2 Ng3 23. Bxg7 Nxf1 24. Rxf1 Bxa3 25. Qxa3 Kxg7 26. Nh4 Kh8 27. Nf5 Ne5 28. Kh1 b4 29. Qa1 c3 30. f4 Nd7 31. Nc4 Qg6 32. Qa4 Nf6 33. Ne5 Rxe5 34. fxe5 Rg8 35. Rf2 Nxd5 36. exd5 Bxd5 37. Ne3 Qg3 38. Re2 Bf3 39. Qxa6 Qxh3+ 40. Kg1 Bxe2 41. Qf6+ Rg7 42. Qxg7+ Kxg7 43. gxh3 Bb5 44. Nf5+ Kf8 45. Nd4 Bd7 46. h4 Ke7 47. Bb3 f6 48. e6 Bxe6 49. Bxe6 c2 50. Nxc2 Kxe6 51. Kg2 Kf5 52. Kf3 1-0